Placrosym 1. Agronomy soils physiology and economics of plantation crops.1978 (Record no. 33729)

MARC details
000 -LEADER
fixed length control field 00732nam a2200229Ia 4500
082 ## - DEWEY DECIMAL CLASSIFICATION NUMBER
Classification number 633(06)1978
Item number PLA.1;3
245 #0 - TITLE STATEMENT
Title Placrosym 1. Agronomy soils physiology and economics of plantation crops.1978
260 ## - PUBLICATION, DISTRIBUTION, ETC. (IMPRINT)
Place of publication Kasargod
Name of publisher Indian Soc for Plantation Crops
Year of publication 1978
650 ## - SUBJECT ADDED ENTRY--TOPICAL TERM
Topical Term Intercropping
650 ## - SUBJECT ADDED ENTRY--TOPICAL TERM
Topical Term Latex colloidal property
650 ## - SUBJECT ADDED ENTRY--TOPICAL TERM
Topical Term Mixed cropping
650 ## - SUBJECT ADDED ENTRY--TOPICAL TERM
Topical Term Plantation crop physiology
650 ## - SUBJECT ADDED ENTRY--TOPICAL TERM
Topical Term Plantation crops
650 ## - SUBJECT ADDED ENTRY--TOPICAL TERM
Topical Term Rubber cost benefit study
650 ## - SUBJECT ADDED ENTRY--TOPICAL TERM
Topical Term Rubber fertilizer requirement
650 ## - SUBJECT ADDED ENTRY--TOPICAL TERM
Topical Term Rubber intercropping
650 ## - SUBJECT ADDED ENTRY--TOPICAL TERM
Topical Term Rubber soil potassium
650 ## - SUBJECT ADDED ENTRY--TOPICAL TERM
Topical Term Soil fertility
650 ## - SUBJECT ADDED ENTRY--TOPICAL TERM
Topical Term Soil water management
942 ## - ADDED ENTRY ELEMENTS (KOHA)
Koha item type Books
Holdings
Withdrawn status Lost status Damaged status Not for loan Home library Current library Date acquired Full call number Accession Number Koha item type
        RRII Library RRII Library 16/12/2021 633(06)1978 PLA.1;3 14174 Books